000 00471nam a2200145Ia 4500
008 240807s9999||||xx |||||||||||||| ||und||
100 _aShaheen, Nusrat
245 0 _aFrequency of hypertension in hypothyroidism /
_cby Nusrat Shaheen ; supervised by Akhtar Ali Baloch
260 _aKarachi
_c2020
650 _aMaster of Science
650 _aDiabetes and Endocrinology
700 _aBaloch, Akhtar Ali
710 _aDow University of Health Science
942 _bDMC
_cTC
999 _c32421
_d32421